• 首页
  • 本馆介绍
  • 公告通知
  • 最新文献
  • 馆藏检索
  • 电子资源
  • 读者导购
  • 参考咨询
  • 我的图书馆
  • 登录
  • 详细信息显示
  • 放入我的书架
  • 预约/预借图书
  • 作者相关作品
  • 分类相关作品
  • 丛书相关作品
  • 出版社相关作品

书目信息

  • 表格格式
  • 工作单格式
  • 卡片格式
题名:
张爱玲典藏全集
    
 
作者: 张爱玲 著
分册: 7   中短篇小说
出版信息: 哈尔滨   哈尔滨出版社  2003
页数: 215页
开本: 21cm
丛书名:
单 册:
中图分类: I216 , I246.7
科图分类:
主题词: 文学--中国--现代--选集 , 中篇小说--中国--现代--选集 , 短篇小说--中国--现代--选集 , 文学 , 中篇小说 , 短篇小说
电子资源:
ISBN: 7-80699-034-8
000 00897nam0 2200289 450
001 1557250489
005 20150123154755.57
010    @a7-80699-034-8@dCNY13.80
100    @a20031105d2003 em y0chiy50 ea
101 0  @achi
102    @aCN@b230000
105    @ay z 000ay
200 1  @a张爱玲典藏全集@Azhang ai ling dian cang quan ji@h7@i中短篇小说@e1943年作品@f张爱玲著
210    @a哈尔滨@c哈尔滨出版社@d2003
215    @a215页@d21cm
330    @a本卷收有“金锁记”、“倾城之恋”、“茉莉香片”、“封锁”等七篇脍炙人口的小说。
606 0  @a文学@y中国@z现代@j选集
606 0  @a中篇小说@y中国@z现代@j选集
606 0  @a短篇小说@y中国@z现代@j选集
606 0  @a文学
606 0  @a中篇小说
606 0  @a短篇小说
690    @aI216@v4
690    @aI246.7@v4
701  0 @a张爱玲@Azhang ai ling@c(女,@f1920.9~1995.9)@4著
801  0 @aCN@bNLC@c20101222
905    @aZUCC@dI216@eJY236:7
    
    张爱玲典藏全集.7.中短篇小说:1943年作品/张爱玲著.-哈尔滨:哈尔滨出版社,2003
    215页;21cm
    
    
    ISBN 7-80699-034-8:CNY13.80
    本卷收有“金锁记”、“倾城之恋”、“茉莉香片”、“封锁”等七篇脍炙人口的小说。
●
相关链接 在E读中查询图书 在五车中查询图书 在当当中查询图书 在豆瓣中查询图书


正题名:张爱玲典藏全集     索取号:I216/JY236:7         预约/预借

序号 登录号 条形码 馆藏地/架位号 状态 备注
1 7840372   278403728   学院路分馆/ [索取号:I216/JY236:7] 在馆    
唐山师范学院图书馆 欢迎您!
大连网信软件有限公司© 版权所有